000 00569nam a2200217 a 4500
001 0001-2045
003 ELIB.Books
008 190710 2010 eng
020 _aKBTS
092 _a268.433
_bCov
100 _aCovey, Sean.
245 _aThe 6 Most Important Decisions You'll Ever Make
260 _aNew York
_bA Fireside Book
_c2006
300 _a315
_c21 Cm
650 _aChristian Education,
856 _nKBTS Library
_uKBTS Elib
942 _2ddc
_cBK
990 _a1
998 _aEnglishbooks.elf
_ccat
_e2019-07-10
999 _c12045
_d12045